| 000 | 00803 a2200193 4500 | ||
|---|---|---|---|
| 003 | NUST | ||
| 005 | 20251124162225.0 | ||
| 040 | _cNust | ||
| 082 | _a621.382,MAL | ||
| 100 |
_aMalik, NC Rafia (TCC-19) _9132040 |
||
| 245 |
_aRemote energy monitoring and profiling system / _cNC Rafia Malik, NC Sanam Rasheed, NC Anam Ajmal and PC Sulaiman Sadiq |
||
| 260 |
_aRawalpindi _bMCS (NUST) _cAugust 2011 |
||
| 300 | _axiii, 118 p.; | ||
| 505 | _aIntroduction (Page-1), Literature Review (Page-6), Design and Development (Page-14), Equipment and Circuit Modification (Page-48), Analysis (Page-65), Future Work (Page-74), Conclusion (Page-80), Bibliography (Page-82). | ||
| 650 |
_aUG Projects _998716 |
||
| 651 |
_aTCC-19 _9106901 |
||
| 700 |
_aSupervised by Dr. Adnan Rashdi _9132041 |
||
| 942 |
_cPR _2ddc |
||
| 999 |
_c188976 _d188976 |
||